LEADER 01264oas 22004693 450 001 9910891531203321 005 20260218112412.0 011 $a2306-0662 035 $a(DE-599)ZDB2697662-6 035 $a(OCoLC)905958889 035 $a(CONSER) 2019202851 035 $a(CKB)2660000000033354 035 $a(DE-599)2697662-6 035 $a(EXLCZ)992660000000033354 100 $a20150303a20129999 uy a 101 0 $aeng 135 $aurmnu|||||||| 181 $ctxt$2rdacontent 182 $cc$2rdamedia 183 $acr$2rdacarrier 200 00$aInternational journal of management and sustainability 210 1$aKarachi, Pakistan :$cAsian Economic and Social Society,$d2012- 210 31$aPompano Beach, FL :$cConscientia Beam 300 $aRefereed/Peer-reviewed 311 08$a2306-9856 517 1 $aIJMS 608 $aPeriodicals.$2fast 676 $a650 712 02$aAsian Economic and Social Society. 801 0$bAU@ 801 1$bAU@ 801 2$bOCLCF 801 2$bUAB 801 2$bOCLCQ 801 2$bDLC 801 2$bOCLCQ 801 2$bDLC 801 2$bOCLCL 906 $aJOURNAL 912 $a9910891531203321 996 $aInternational journal of management and sustainability$94256360 997 $aUNINA